000 00707nam a2200229Ia 4500
003 GCL
008 140319s9999 xx 000 0 ara d
040 _aGCL /
_cGCL
082 0 4 _aق
_b309.262
_bو ت
100 1 _aوزارة التعمير والمجتمعات العمر
245 1 0 _aالتعمير فى مصر /
_cوزارة التعمير والمجتمعات العمر
260 _a[S.N] :
_bوزارة التعمير ،
_c1989
300 _a393 ص
490 _a
650 0 4 _aمصر
650 0 4 _aالسكان
650 0 4 _aتخطيط المدن
650 0 4 _aاصلاح الاراضى
650 0 4 _aالجوانب الاقتصادية
650 0 4 _aالتعمير
942 _2ddc
_cBK
999 _c58730
_d58730